Administering Christian education; (Record no. 627)

MARC details
000 -LEADER
fixed length control field 00814cam a2200277I 4500
001 - CONTROL NUMBER
control field 24908
003 - CONTROL NUMBER IDENTIFIER
control field GBCCL
005 - DATE AND TIME OF LATEST TRANSACTION
control field 20241126110342.0
008 - FIXED-LENGTH DATA ELEMENTS--GENERAL INFORMATION
fixed length control field 720525s1964 miuak b 000 0 eng
010 ## -
-- 64022018
020 ## - INTERNATIONAL STANDARD BOOK NUMBER
International Standard Book Number 0802815596
035 ## - SYSTEM CONTROL NUMBER
System control number (OCoLC)00317912
040 ## - CATALOGING SOURCE
Original cataloging agency DLC
Transcribing agency ASC
Modifying agency OCL
-- SER
049 ## -
-- LBBK
050 0# -
-- BV1521
-- .B6
082 ## - DEWEY DECIMAL CLASSIFICATION NUMBER
Classification number 268.1
Item number BOW
092 ## - LOCALLY ASSIGNED DEWEY CALL NUMBER (OCLC)
Classification number 268.2
Item number B786
100 1# - MAIN ENTRY--PERSONAL NAME
Personal name Bower, Robert K.
245 10 - TITLE STATEMENT
Title Administering Christian education;
Remainder of title principles of administration for ministers and Christian leaders,
Statement of responsibility, etc. by Robert K. Bower.
260 ## - PUBLICATION, DISTRIBUTION, ETC.
Place of publication, distribution, etc. Grand Rapids,
Name of publisher, distributor, etc. W.B. Eerdmans Pub. Co.
Date of publication, distribution, etc. [1964]
300 ## - PHYSICAL DESCRIPTION
Extent 227 p.
Other physical details illus., forms.
Dimensions 24 cm.
504 ## - BIBLIOGRAPHY, ETC. NOTE
Bibliography, etc. note Bibliography: p. 219-223.
650 #0 - SUBJECT ADDED ENTRY--TOPICAL TERM
Topical term or geographic name entry element Sunday schools.
650 #0 - SUBJECT ADDED ENTRY--TOPICAL TERM
Topical term or geographic name entry element Religious education.
942 ## - ADDED ENTRY ELEMENTS (KOHA)
Source of classification or shelving scheme Dewey Decimal Classification
Koha item type Books
Koha issues (borrowed), all copies 4
Holdings
Withdrawn status Lost status Source of classification or shelving scheme Damaged status Not for loan Home library Current Library Shelving location Date acquired Total checkouts Full call number Barcode Date last seen Date last checked out Copy number Price effective from Koha item type
    Dewey Decimal Classification     GRACE BIBLE COLLEGE GRACE BIBLE COLLEGE Ministry & Mission 2016-11-25 4 268.1 BOW 000437 2025-05-01 2024-07-29 c.1 2016-11-25 Books
© Grace Bible College Library 2025